La Química del cemento Portland / (Record no. 34230)

MARC details
000 -LEADER
campo de control de longitud fija 01033nam a2200241 i 4500
001 - NÚMERO DE CONTROL
campo de control 34230
003 - IDENTIFICADOR DE NÚMERO DE CONTROL
campo de control ES-MaACL
005 - FECHA Y HORA DE LA ÚLTIMA TRANSACCIÓN
campo de control 20250401170947.0
007 - CAMPO FIJO DE DESCRIPCIÓN FÍSICA--INFORMACIÓN GENERAL
campo de control de longitud fija t|
008 - DATOS DE LONGITUD FIJA--INFORMACIÓN GENERAL
campo de control de longitud fija 030204s1952 sp ||||1| spa d
100 1# - ENTRADA PRINCIPAL--NOMBRE DE PERSONA
Nombre de persona Bogue, Robert Herman.
9 (RLIN) 29811
245 13 - MENCIÓN DEL TÍTULO
Título La Química del cemento Portland /
Mención de responsabilidad, etc. por Robert Herman Bogue ; versión española por Manuel Benítez Ramírez.
260 ## - PUBLICACIÓN, DISTRIBUCIÓN, ETC.
Lugar de publicación, distribución, etc. Madrid :
Nombre del editor, distribuidor, etc. Dossat,
Fecha de publicación, distribución, etc. 1952 (
Fabricante Nuevas Gráficas)
300 ## - DESCRIPCIÓN FÍSICA
Extensión XVI, 642 p. :
Otras características físicas 1 retr. aut., il. ;
Dimensiones 25 cm.
510 ## - NOTA DE CITAS O REFERENCIAS BIBLIOGRÁFICAS
Nombre de la fuente CCPB,
Localización dentro de la fuente 000772085-8
650 #7 - PUNTO DE ACCESO ADICIONAL DE MATERIA--TÉRMINO DE MATERIA
9 (RLIN) 159152
Término de materia o nombre geográfico como elemento de entrada Cemento Portland-
Subdivisión general Producción
Subdivisión geográfica España-
700 1# - ENTRADA AGREGADA--NOMBRE PERSONAL
Nombre de persona Benítez Ramírez, Manuel.
9 (RLIN) 27646
852 ## - LOCALIZACIÓN
Ubicación ES-MaACL
Número de control de estantería D-6420
Sublocalización o colección R.32747
-- R.M. 6015
itemnumber 35491
Ubicación en estantería Sala Valle Inclán
Marcas de propiedad Sello en tinta azul de la Biblioteca del Ateneo de Madrid
Encuadernación Encuadernación en tela azul
Nota libre En hoja de guarda: "Donativo"
942 ## - ELEMENTOS DE ENTRADA SECUNDARIOS (KOHA)
Fuente del sistema de clasificación o colocación Clasificación decimal universal
Tipo de ítem Koha Libro impreso
Holdings
Estatus retirado Estado de pérdida Estado de daño No para préstamo Biblioteca de origen Biblioteca actual Ubicación en estantería Fecha de adquisición Fuente de adquisición Total de préstamos Signatura topográfica completa Código de barras Visto por última vez Precio de reemplazo Tipo de ítem Koha
        Biblioteca del Ateneo de Madrid Biblioteca del Ateneo de Madrid Sala Valle Inclán 17/01/2008     D-6420 901035694 23/02/2023 23/02/2023 Libro impreso